Visualizzazione normale
Vista MARC
- Lavista Raul
di Personal Name
Records bibliografici associati: 1
001 - CONTROL NUMBER
- control field: 43662
003 - CONTROL NUMBER IDENTIFIER
- control field: IT-RoPau
005 - DATE AND TIME OF LATEST TRANSACTION
- control field: 20151127113934.0
008 - FIXED-LENGTH DATA ELEMENTS
- fixed length control field: 151127|| aca||aabn | a|a d
040 ## - CATALOGING SOURCE
- Original cataloging agency: IT-RoPau
- Transcribing agency: IT-RoPau
100 ## - HEADING--PERSONAL NAME
- Personal name: Lavista Raul
- Relator term: (musica)
- Miscellaneous information: Codice Musica SPICS: 28814
670 ## - SOURCE DATA FOUND
- Source citation: Work cat.: (IT-RoPau)105841: Bunuel Luis Codice regista SPICS: 8694 36748, SIMON DEL DESERTO SIMON DEL DESERTO (Rif. Codice opera principale : 48281)